Trading partners of Tanzania Quiz Stats

 Plays Quiz not verified by Sporcle

Challenge
Share
Tweet
Embed
Score 0/20 Timer 04:00
0 Plays Today
Hint Country % Correct
ExportsUSA
93.7%
ImportsUSA
93.7%
ExportsChina
92.4%
ExportsKenya
92.4%
ImportsChina
92.4%
ImportsKenya
92.4%
ExportsSouth Africa
89.9%
ImportsSouth Africa
89.9%
ImportsUK
89.9%
ExportsIndia
87.3%
Hint Country % Correct
ImportsIndia
87.3%
ExportsJapan
83.5%
ExportsGermany
83.5%
ImportsJapan
83.5%
ExportsDRC
81%
ImportsUAE
63.3%
ExportsSwitzerland
53.2%
ImportsSwitzerland
53.2%
ImportsMalaysia
53.2%
ExportsRepublic of Congo
29.1%

You're not logged in!

Compare scores with friends on all Sporcle quizzes.
Join for Free
OR
Log In

You Might Also Like...

Show Comments

Extras

Top Quizzes Today


Score Distribution

Your Account Isn't Verified!

In order to create a playlist on Sporcle, you need to verify the email address you used during registration. Go to your Sporcle Settings to finish the process.

Report this User

Report this user for behavior that violates our Community Guidelines.

Details: